Striscia Di Cuoio

Đã lưu trong:
Chi tiết về thư mục
Tác giả chính: Robert Ludlum
Định dạng: Sách
Ngôn ngữ:Tiếng không xác định
Được phát hành: Edizioni CDE
Các nhãn: Thêm thẻ
Không có thẻ, Là người đầu tiên thẻ bản ghi này!

MARC

LEADER 00000nam a2200000Ia 4500
001 R-417
003 CODICE-MESSINA
005 20260212102451.0
008 260211s9999 xx 000 0 und d
040 |c importazione_messina 
100 |a Robert Ludlum 
245 0 |a Striscia Di Cuoio 
260 |b Edizioni CDE 
942 |2 ddc  |c BK 
952 |0 0  |1 0  |2 ddc  |4 0  |6 SCAFFALE_2_000000000000000__ROMANZI  |7 0  |9 31237  |a ME  |b ME  |d 2026-02-11  |l 0  |o SCAFFALE 2 - ROMANZI  |p R-417  |r 2026-02-11 23:52:25  |w 2026-02-11  |x [REVISIONARE]  |y BK 
999 |c 26901  |d 26901